Object Oriented Programming with C++ (Record no. 5310)
[ view plain ]
| 000 -LEADER | |
|---|---|
| fixed length control field | 00370nam a2200157Ia 4500 |
| 003 - CONTROL NUMBER IDENTIFIER | |
| control field | OSt |
| 005 - DATE AND TIME OF LATEST TRANSACTION | |
| control field | 20240227125009.0 |
| 008 - FIXED-LENGTH DATA ELEMENTS--GENERAL INFORMATION | |
| fixed length control field | 170524s9999 xx 000 0 und d |
| 020 ## - INTERNATIONAL STANDARD BOOK NUMBER | |
| International Standard Book Number | 978-9389949186 |
| 040 ## - CATALOGING SOURCE | |
| Transcribing agency | IIMT UNIVERSITY MEERUT |
| 100 ## - MAIN ENTRY--PERSONAL NAME | |
| Personal name | Balagurusamy E |
| 245 #0 - TITLE STATEMENT | |
| Title | Object Oriented Programming with C++ |
| 260 ## - PUBLICATION, DISTRIBUTION, ETC. | |
| Name of publisher, distributor, etc. | TMH |
| 260 ## - PUBLICATION, DISTRIBUTION, ETC. | |
| Date of publication, distribution, etc. | 2007 |
| 942 ## - ADDED ENTRY ELEMENTS (KOHA) | |
| Source of classification or shelving scheme | |
| Koha item type | Book Bank |
| Withdrawn status | Lost status | Source of classification or shelving scheme | Damaged status | Not for loan | Home library | Current library | Date acquired | Total Checkouts | Barcode | Date last seen | Date last checked out | Price effective from | Koha item type | Source of acquisition | Uniform Resource Identifier |
|---|---|---|---|---|---|---|---|---|---|---|---|---|---|---|---|
| IIMT Engineering College-BTech | IIMT Engineering College-BTech | 11/03/2011 | 06-B-53430 | 07/03/2017 | 07/03/2017 | Text-Book- for 7 days | 3 | CS | |||||||
| IIMT University Central Library Meerut | IIMT University Central Library Meerut | 05/31/2017 | 2 | 01-B-43978 | 01/16/2019 | 09/12/2018 | 05/31/2017 | Book Bank | |||||||
| IIMT University Central Library Meerut | IIMT University Central Library Meerut | 05/31/2017 | 1 | 01-B-43979 | 01/15/2019 | 08/27/2018 | 05/31/2017 | Book Bank | |||||||
| IIMT University Central Library Meerut | IIMT University Central Library Meerut | 05/31/2017 | 4 | 01-B-43980 | 09/22/2023 | 09/15/2023 | 05/31/2017 | Book Bank | |||||||
| IIMT University Central Library Meerut | IIMT University Central Library Meerut | 05/31/2017 | 2 | 01-B-43981 | 01/21/2019 | 09/14/2018 | 05/31/2017 | Book Bank | |||||||
| IIMT University Central Library Meerut | IIMT University Central Library Meerut | 05/31/2017 | 2 | 01-B-43982 | 01/01/2019 | 09/01/2018 | 05/31/2017 | Book Bank | |||||||
| NOIDA IIMT College of Engineering B.Tech | NOIDA IIMT College of Engineering B.Tech | 07/05/2017 | 08-B-131 | 07/05/2017 | 07/05/2017 | Text-Book- for 7 days | |||||||||
| NOIDA IIMT College of Engineering B.Tech | NOIDA IIMT College of Engineering B.Tech | 07/05/2017 | 08-B-132 | 07/05/2017 | 07/05/2017 | Text-Book- for 7 days | |||||||||
| NOIDA IIMT College of Engineering B.Tech | NOIDA IIMT College of Engineering B.Tech | 07/05/2017 | 3 | 08-B-133 | 10/07/2024 | 09/18/2024 | 07/05/2017 | Text-Book- for 7 days | |||||||
| NOIDA IIMT College of Engineering B.Tech | NOIDA IIMT College of Engineering B.Tech | 07/05/2017 | 1 | 08-B-134 | 11/30/2018 | 08/30/2018 | 07/05/2017 | Text-Book- for 7 days | |||||||
| NOIDA IIMT College of Engineering B.Tech | NOIDA IIMT College of Engineering B.Tech | 07/05/2017 | 1 | 08-B-135 | 03/26/2018 | 03/19/2018 | 07/05/2017 | Text-Book- for 7 days |

